Statistiques concernant Culture Générale - Série 1135

Cliquez ici pour prendre le quiz!

Statistiques générales

  • Ce quiz a été pris 55 fois
  • Le résultat moyen est 5 sur 10

Statistiques - réponses

QuestionRéponse% Correct
Dans quel pays d'Europe se trouve l'Andalousie ?Espagne
98%
Dans quel sport, le Français Alain Bernard a-t-il été sacré champion olympique, en 2008 ?natation
79%
Comment s'appelle la créature légendaire, représentée avec un corps de cheval, et une corne torsadée au milieu du front ?licorne
79%
Avant l'arrivée de l'euro en France, quel couple de scientifiques a figuré sur les billets de 500 francs dès 1993 ?Pierre et Marie Curie
74%
Quel atome, de symbole Si, a des propriétés proches de celles du carbone ?silicium
49%
Quel est le nom de l'île sur laquelle se trouve l'État de Brunei ?Bornéo
40%
Quel était le prénom de l'écrivain italien Machiavel ?Nicolas
25%
Sous quel nom le romancier et journaliste Jean Lefèvre, comte et membre de l'Académie française depuis 1973, est-il plus connu ?Jean d'Ormesson
23%
Quel est le nom de scène de la chanteuse et actrice américaine Cherilyn Sarkisian La Pierre ?Cher
19%
En plus du dollar, quelle autre monnaie officielle est utilisée au Panama ?balboa
4%

Distribution des résultats

Percentile par nombre de réponses

% des personnes avec chaque résultat

Votre développement - résultats

Vous n’avez pas pris ce quiz